Conveyancing after the Act
| Main Author: | |
|---|---|
| Format: | Book |
| Published: |
London :
Butterworth ,
1986
|
| Subjects: |
MARC
| LEADER | 00000cam a2200000 7i4500 | ||
|---|---|---|---|
| 001 | 0000009084 | ||
| 005 | 20151112.0 | ||
| 020 | |a 0406504105 | ||
| 040 | |a INS | ||
| 090 | 0 | 0 | |a KD168 |b S63 1986 |
| 100 | 1 | |a Soar, Peter H. M | |
| 245 | 1 | 0 | |a Conveyancing after the Act |c by peter H. M. Soar |
| 260 | |a London : |b Butterworth , |c 1986 | ||
| 300 | |a 179p ; |c 20cm. | ||
| 650 | 0 | 0 | |a Conveyancing |x Law and legislation |
| 650 | 0 | 0 | |a Conveyancing |z Great Britain |
| 999 | |a 0000022826 |b BOOK |c Open Shelf |e Default branch | ||